Northernmost cities with over 100,000 people - Statistiques

Statistiques générales
  • Ce quiz a été pris 15 fois
  • Le résultat moyen est 7 sur 28
Statistiques - réponses
Latitude Population Réponse % Correct
60°23′22″N 293,709 Bergen
71%
68°58′14″N 270,384 Murmansk
64%
64°08′45″N 239,733 Reykjavík
64%
63°25′47″N 216,518 Trondheim
64%
65.0121° N 207,307 Oulu
50%
61°29′53″N 260,180 Tampere
50%
61°13′00″N 289,600 Anchorage
43%
69°20′N 175,365 Norilsk
43%
60°27′6″N 206,073 Turku
43%
60°12′20″N 320,931 Espoo
36%
62°01′48″N 367,667 Yakutsk
36%
62°14.5′N 149,194 Jyväskylä
29%
63°50′N 133,091 Umeå
29%
62°53′33″N 125,666 Kuopio
21%
60°40′N 103,532 Gävle
14%
60°10′15″N 684,018 Helnsinki
14%
66°05′N 104,107 Novy Urengoy
14%
61°47′N 235,694 Petrozavodsk
14%
60°17′40″N 251,269 Vantaa
14%
60°57′N 290,535 Nizhnevartovsk
7%
62°24′N 100,102 Sundsvall
7%
61°15′N 420,347 Surgut
7%
64°32′35″N 348,783 Archangielsk
0%
61°00′N 111,772 Khanty-Mansiysk
0%
60°59′N 121,337 Lahti
0%
61°05′N 126,690 Nefteyugansk
0%
64°34′N 155,647 Severodvinsk
0%
61°40′N 219,685 Syktyvkar
0%
Aucun quiz correspondant
Distribution des résultats
% des personnes avec chaque résultat
Percentile par nombre de réponses
Votre historique - résultats
Vous n’avez pas pris ce quiz